000 00643nam a2200229 a 4500
005 20230518064014.0
008 991125s1996 mx 000 0 spa u
020 _a9682981336
035 _aUPN01000003115
040 _aUPN
_bspa
_cUPN
049 _aCG
050 4 _aPL3937
_bL8.2
100 1 _aLlull, Ramon,
_d1232?-1316
_930049
245 1 0 _aAntología /
_cRaimundo Lulio ; selec. y pról. Mauricio Beuchot.
260 _aMéxico :
_bCNCA,
_c1996.
300 _a272 p.
440 0 _aCien del mundo
650 4 _aLITERATURA CATALANA
_916413
700 1 _aBeuchot, Mauricio,
_d1950-
_ecomp.
_947344
905 _aLibro
942 _2lcc
_cLIBRO
999 _c3115
_d3115